000 00757nam a22001937a 4500
999 _c2017
_d2017
005 20251125232741.0
008 s2527 th tha d
040 _aNALT
041 _atha
050 _aDS570.6 ป46ม36
245 1 0 _aหลวงประดิษฐ์มนูธรรม
260 3 _aกรุงเทพฯ :
_bสัญญลักษณ์,
_c2527
300 _a144 หน้า :
_b ภาพประกอบ
650 0 4 _aปรีดี พนมยงค์, 2443--2526
650 0 4 _aไทย -- การเมืองและการปกครอง -- กรุงรัตนโกสินทร์, 2475--
850 _aNALT
856 4 0 _uhttps://hdl.handle.net/20.500.14156/361799
_71
942 _cGB
_2lcc